000
00284nam a2200121Ia 4500
008
191201s2013 xx 000 0 und d
082
_a
005.133
_b
WAH
100
_a
WALLARD,Wendy
245
0
_a
HTML A biginner guide
260
_c
2013
_b
TMH
_a
NEW DELHI
300
_a
488
942
_2
ddc
_c
BK
999
_c
7849
_d
7849